000 00564nam a2200193 a 4500
001 000406945
003 AM-YeHGA
005 20250617132628.0
008 050201s1867 tu r 000 0 arm d
040 _aAM-YeHGA
041 0 _aarm
100 0 _aԵղիշե,
_dVդ.
245 1 0 _aՊատմութիւն Վարդանանց /
_cԵղիշէ.
260 _aԶմիւռնիա :
_bտպ. Տէտէեան,
_c1867.
300 _a222 էջ :
_bդիմանկ. ;
_c13 սմ.
504 _aՑանկ էջ՝ 211-222
650 1 4 _aՀայոց պատմություն
090 _c156059
999 _c154661
_d154661